2024 Formula One Grid - Statistics

General Stats
  • This quiz has been taken 39 times
  • The average score is 18 of 20
Answer Stats
Hint Answer % Correct
Mercedes Lewis Hamilton
100%
Red Bull Max Verstappen
100%
Mercedes George Russell
96%
Mclaren Lando Norris
96%
Mclaren Oscar Piastri
96%
Red Bull Sergio Perez
96%
Ferrari Carlos Sainz
93%
Ferrari Charles Leclerc
93%
Aston Martin Fernando Alonso
93%
Aston Martin Lance Stroll
93%
Haas Nico Hulkenberg
93%
Visa Cash App Yuki Tsunoda
93%
Visa Cash App Daniel Ricciardo
89%
Alpine Esteban Ocon
86%
Haas Kevin Magnussen
86%
Williams Logan Sargeant
86%
Alpine Pierre Gasly
82%
Sauber Valtteri Bottas
82%
Sauber Zhou Guanyu
82%
Williams Alex Albon
68%
No matching quizzes found
Score Distribution
Percent of People with Each Score
Percentile by Number Answered
Your Score History
You have not taken this quiz